000 00437nam a2200145 i 4500
001 46171
003 ES-MaACL
007 t|
008 030328s1964 sp ||||1| spa d
100 1 _aComas, Antoni.
_939930
245 1 0 _aHistoria de la literatura catalana IV /
_cAntoni Comas.
260 _aEsplugues de Llobregat (Barcelona) :
_bAriel,
_c[1964]
300 _a859 p., 3 lám. :
_bil. ;
_c26 cm.
852 _aES-MaACL
_jE-7465
_bR.91744
999 _c46171
_d46171